Benignum Rescriptum Regium erga Repraesentationem in merito Benignarum Propositionum Regiarum et Praeferentialium Gravaminum submissam amanatum. Nro. 21. ... Franciscus, Adamus Reviczky, Georgius Bartal

Bibliographic Details
Format: Book
Language:Latin
PhysicalDescription:[4] s. 2°
Published: Posonii [s.n.] 1833

MARC

LEADER 00000nam a2200000 a 4500
001 vtls001271935
003 SK-MaSNL
005 20260224105055.0
008 180126s1833 xo 0 lat
035 |a SNK000223063 
040 |a SNK  |b slo  |c SNK  |e AACR2 
044 |a xo  |c SK 
245 1 |a Benignum Rescriptum Regium erga Repraesentationem in merito Benignarum Propositionum Regiarum et Praeferentialium Gravaminum submissam amanatum. Nro. 21. ... Franciscus, Adamus Reviczky, Georgius Bartal 
260 |a Posonii  |b [s.n.]  |c 1833 
300 |a [4] s.  |c 2° 
999 |c 971149  |d 973079 
952 |t P60, <03>, [BOOK], {603}  |a SNK  |b SNK  |y PREZ  |7 0  |o snkOSA 175  |i snkK 510/76  |0 0  |1 0  |4 0  |d 1997-01-15  |l 0  |r 2005-01-01 00:00:00  |w 2026-02-24